000 00408nam a2200169Ia 4500
008 170705s9999 xx 000 0 und d
020 _a9780590632546
245 _aBlack holes and othe space phenomena /
245 _cPhilip Steele.
260 _aNew York :
260 _bScholastic,
260 _c1995
300 _a40 pages :
300 _bcolor illustration ;
300 _c29cm.
500 _a910
999 _c336570
_d336570